<?xml version="1.0" encoding="UTF-8"?>
<record
    xmlns:xsi="http://www.w3.org/2001/XMLSchema-instance"
    xsi:schemaLocation="http://www.loc.gov/MARC21/slim http://www.loc.gov/standards/marcxml/schema/MARC21slim.xsd"
    xmlns="http://www.loc.gov/MARC21/slim">

  <leader>02018nam0a22003251  4500</leader>
  <controlfield tag="001">v19\rc\1575580</controlfield>
  <controlfield tag="005">20260406165620.0</controlfield>
  <datafield tag="035" ind1=" " ind2=" ">
    <subfield code="a">(NLR Aleph) 005237081</subfield>
  </datafield>
  <datafield tag="090" ind1=" " ind2=" ">
    <subfield code="a">5665616</subfield>
    <subfield code="c">5665616</subfield>
  </datafield>
  <datafield tag="100" ind1=" " ind2=" ">
    <subfield code="a">20061002d1893    |||y0rusy50      ca</subfield>
  </datafield>
  <datafield tag="101" ind1="0" ind2=" ">
    <subfield code="a">rus</subfield>
    <subfield code="a">fre</subfield>
  </datafield>
  <datafield tag="102" ind1=" " ind2=" ">
    <subfield code="a">RU</subfield>
  </datafield>
  <datafield tag="105" ind1=" " ind2=" ">
    <subfield code="a">y   b   |||||</subfield>
  </datafield>
  <datafield tag="200" ind1="1" ind2=" ">
    <subfield code="a">&#x41D;&#x430;&#x43A;&#x430;&#x437; &#x435;&#x435; &#x438;&#x43C;&#x43F;&#x435;&#x440;&#x430;&#x442;&#x43E;&#x440;&#x441;&#x43A;&#x43E;&#x433;&#x43E; &#x432;&#x435;&#x43B;&#x438;&#x447;&#x435;&#x441;&#x442;&#x432;&#x430; &#x415;&#x43A;&#x430;&#x442;&#x435;&#x440;&#x438;&#x43D;&#x44B; &#x412;&#x442;&#x43E;&#x440;&#x44B;&#x435;, &#x441;&#x430;&#x43C;&#x43E;&#x434;&#x435;&#x440;&#x436;&#x438;&#x446;&#x44B; &#x432;&#x441;&#x435;&#x440;&#x43E;&#x441;&#x441;&#x438;&#x439;&#x441;&#x43A;&#x438;&#x435;, &#x434;&#x430;&#x43D;&#x43D;&#x44B;&#x439; &#x41A;&#x43E;&#x43C;&#x438;&#x441;&#x441;&#x438;&#x438; &#x43E; &#x441;&#x43E;&#x447;&#x438;&#x43D;&#x435;&#x43D;&#x438;&#x438; &#x43F;&#x440;&#x43E;&#x435;&#x43A;&#x442;&#x430; &#x41D;&#x43E;&#x432;&#x43E;&#x433;&#x43E; &#x443;&#x43B;&#x43E;&#x436;&#x435;&#x43D;&#x438;&#x44F;</subfield>
  </datafield>
  <datafield tag="210" ind1=" " ind2=" ">
    <subfield code="a">&#x421;&#x430;&#x43D;&#x43A;&#x442;-&#x41F;&#x435;&#x442;&#x435;&#x440;&#x431;&#x443;&#x440;&#x433;</subfield>
    <subfield code="c">&#x41B;.&#x424;. &#x41F;&#x430;&#x43D;&#x442;&#x435;&#x43B;&#x435;&#x435;&#x432;</subfield>
    <subfield code="d">1893</subfield>
  </datafield>
  <datafield tag="215" ind1=" " ind2=" ">
    <subfield code="a">54, 201 &#x441;.</subfield>
    <subfield code="d">28</subfield>
  </datafield>
  <datafield tag="300" ind1=" " ind2=" ">
    <subfield code="a">&#x41F;&#x430;&#x440;&#x430;&#x43B;. &#x442;&#x438;&#x442;. &#x43B;. &#x43D;&#x430; &#x444;&#x440;. &#x44F;&#x437;. &#x422;&#x435;&#x43A;&#x441;&#x442; "&#x41D;&#x430;&#x43A;&#x430;&#x437;&#x430;" &#x43F;&#x430;&#x440;&#x430;&#x43B;. &#x43D;&#x430; &#x440;&#x443;&#x441;. &#x438; &#x444;&#x440;. &#x44F;&#x437;.</subfield>
  </datafield>
  <datafield tag="327" ind1="0" ind2=" ">
    <subfield code="a">&#x421;. 5-53 &#x43F;&#x435;&#x440;&#x432;&#x43E;&#x439; &#x43F;&#x430;&#x433;.: &#x411;&#x438;&#x431;&#x43B;&#x438;&#x43E;&#x433;&#x440;&#x430;&#x444;&#x438;&#x447;&#x435;&#x441;&#x43A;&#x438;&#x435; &#x43F;&#x440;&#x438;&#x43C;&#x435;&#x447;&#x430;&#x43D;&#x438;&#x44F; &#x43A; &#x438;&#x437;&#x434;&#x430;&#x43D;&#x438;&#x44F;&#x43C; "&#x41D;&#x430;&#x43A;&#x430;&#x437;&#x430;" &#x441; 1767 &#x43F;&#x43E; 1893 &#x433;&#x43E;&#x434; / &#x418;.&#x413;. &#x411;&#x435;&#x437;&#x433;&#x438;&#x43D;</subfield>
  </datafield>
  <datafield tag="464" ind1=" " ind2="0">
    <subfield code="1">2001#$a&#x411;&#x438;&#x431;&#x43B;&#x438;&#x43E;&#x433;&#x440;&#x430;&#x444;&#x438;&#x447;&#x435;&#x441;&#x43A;&#x438;&#x435; &#x43F;&#x440;&#x438;&#x43C;&#x435;&#x447;&#x430;&#x43D;&#x438;&#x44F; &#x43A; &#x438;&#x437;&#x434;&#x430;&#x43D;&#x438;&#x44F;&#x43C; "&#x41D;&#x430;&#x43A;&#x430;&#x437;&#x430;" &#x441; 1767 &#x43F;&#x43E; 1893 &#x433;&#x43E;&#x434;$f&#x418;.&#x413;. &#x411;&#x435;&#x437;&#x433;&#x438;&#x43D;</subfield>
    <subfield code="1">215##$a&#x421;. 5-53 &#x43F;&#x435;&#x440;&#x432;&#x43E;&#x439; &#x43F;&#x430;&#x433;.</subfield>
    <subfield code="1">700#1$3RU\NLR\AUTH\7755041$a&#x411;&#x435;&#x437;&#x433;&#x438;&#x43D;$b&#x418;.&#x413;.$f1852-1907$g&#x418;&#x43B;&#x44C;&#x44F; &#x413;&#x440;&#x438;&#x433;&#x43E;&#x440;&#x44C;&#x435;&#x432;&#x438;&#x447;</subfield>
    <subfield code="t">&#x411;&#x438;&#x431;&#x43B;&#x438;&#x43E;&#x433;&#x440;&#x430;&#x444;&#x438;&#x447;&#x435;&#x441;&#x43A;&#x438;&#x435; &#x43F;&#x440;&#x438;&#x43C;&#x435;&#x447;&#x430;&#x43D;&#x438;&#x44F; &#x43A; &#x438;&#x437;&#x434;&#x430;&#x43D;&#x438;&#x44F;&#x43C; "&#x41D;&#x430;&#x43A;&#x430;&#x437;&#x430;" &#x441; 1767 &#x43F;&#x43E; 1893 &#x433;&#x43E;&#x434;</subfield>
    <subfield code="a">&#x411;&#x435;&#x437;&#x433;&#x438;&#x43D;, &#x418;&#x43B;&#x44C;&#x44F; &#x413;&#x440;&#x438;&#x433;&#x43E;&#x440;&#x44C;&#x435;&#x432;&#x438;&#x447; (1852-1907)</subfield>
  </datafield>
  <datafield tag="700" ind1=" " ind2="0">
    <subfield code="8">rus</subfield>
    <subfield code="7">ca</subfield>
    <subfield code="a">&#x415;&#x43A;&#x430;&#x442;&#x435;&#x440;&#x438;&#x43D;&#x430;</subfield>
    <subfield code="c">&#x438;&#x43C;&#x43F;&#x435;&#x440;&#x430;&#x442;&#x440;&#x438;&#x446;&#x430; &#x440;&#x43E;&#x441;&#x441;&#x438;&#x439;&#x441;&#x43A;&#x430;&#x44F;</subfield>
    <subfield code="d">II</subfield>
    <subfield code="f">1729-1796</subfield>
    <subfield code="3">RU\NLR\AUTH\772098</subfield>
    <subfield code="9">112115</subfield>
  </datafield>
  <datafield tag="712" ind1="0" ind2="1">
    <subfield code="a">&#x420;&#x43E;&#x441;&#x441;&#x438;&#x44F;</subfield>
    <subfield code="b">&#x41A;&#x43E;&#x43C;&#x438;&#x441;&#x441;&#x438;&#x44F; &#x434;&#x43B;&#x44F; &#x441;&#x43E;&#x441;&#x442;&#x430;&#x432;&#x43B;&#x435;&#x43D;&#x438;&#x44F; &#x43F;&#x440;&#x43E;&#x435;&#x43A;&#x442;&#x430; &#x43D;&#x43E;&#x432;&#x43E;&#x433;&#x43E; &#x443;&#x43B;&#x43E;&#x436;&#x435;&#x43D;&#x438;&#x44F;</subfield>
    <subfield code="3">RU\NLR\AUTH\889936989</subfield>
    <subfield code="9">368765</subfield>
  </datafield>
  <datafield tag="801" ind1=" " ind2="0">
    <subfield code="a">RU</subfield>
    <subfield code="b">NLR</subfield>
    <subfield code="c">20061002</subfield>
    <subfield code="g">psbo</subfield>
  </datafield>
  <datafield tag="801" ind1=" " ind2="0">
    <subfield code="a">RU</subfield>
    <subfield code="b">RuMoRGB</subfield>
    <subfield code="c">20061002</subfield>
    <subfield code="2">psbo</subfield>
  </datafield>
  <datafield tag="801" ind1=" " ind2="1">
    <subfield code="a">RU</subfield>
    <subfield code="b">ProSoft-M</subfield>
    <subfield code="c">20061002</subfield>
    <subfield code="2">rusmarc</subfield>
  </datafield>
  <datafield tag="801" ind1=" " ind2="2">
    <subfield code="a">RU</subfield>
    <subfield code="b">NLR</subfield>
    <subfield code="c">20070817</subfield>
    <subfield code="2">rusmarc</subfield>
  </datafield>
  <datafield tag="852" ind1=" " ind2=" ">
    <subfield code="a">NLR</subfield>
    <subfield code="j">18.140.3.72</subfield>
  </datafield>
  <datafield tag="852" ind1=" " ind2=" ">
    <subfield code="a">NLR</subfield>
    <subfield code="j">52/653</subfield>
  </datafield>
  <datafield tag="942" ind1=" " ind2=" ">
    <subfield code="c">BOOK</subfield>
  </datafield>
  <datafield tag="980" ind1=" " ind2=" ">
    <subfield code="a">NB</subfield>
  </datafield>
  <datafield tag="995" ind1=" " ind2=" ">
    <subfield code="5">2013-10-26</subfield>
    <subfield code="b">NLR02</subfield>
    <subfield code="c">NLR02</subfield>
    <subfield code="e">RFS</subfield>
    <subfield code="f">5237081-10</subfield>
    <subfield code="k">18.140.3.72</subfield>
    <subfield code="o">0</subfield>
    <subfield code="r">BOOK</subfield>
    <subfield code="s">18140372_</subfield>
  </datafield>
  <datafield tag="995" ind1=" " ind2=" ">
    <subfield code="5">2013-10-26</subfield>
    <subfield code="b">NLR02</subfield>
    <subfield code="c">NLR02</subfield>
    <subfield code="e">RFS</subfield>
    <subfield code="f">5237081-20</subfield>
    <subfield code="k">52/653</subfield>
    <subfield code="o">0</subfield>
    <subfield code="r">BOOK</subfield>
    <subfield code="s">52653_</subfield>
  </datafield>
</record>
